000 00432nam a2200145 i 4500
001 55632
003 ES-MaACL
007 t|
008 030924s1917 sp ||||1| fre d
100 1 _aOmbiaux, Maurice des.
_987035
245 1 0 _aFastes militares des belges /
_cMaurice des Ombiaux.
260 _aBarcelone :
_bBloud et Gay,
_c1917 (
_eEvreux :
_fCh. Herissey)
300 _a256 p. ;
_c19 cm.
852 _aES-MaACL
_jC-6073
_bR.33180
999 _c55632
_d55632